[Event "Mittelfrank Regionalliga Sud-West 2223"]
[Site "Mittelfranken"]
[Date "2023.03.05"]
[Round "7.2"]
[White "Haas, Peter"]
[Black "Lederle, Vitus"]
[Result "1-0"]
[WhiteElo "2095"]
[BlackElo "2155"]
[PlyCount "79"]
[EventDate "2022.10.09"]
[EventType "team-tourn"]
[EventRounds "9"]
[EventCountry "GER"]
[SourceTitle "EXT 2024"]
[Source "ChessBase"]
[SourceDate "2023.10.10"]
[SourceVersion "1"]
[SourceVersionDate "2023.10.10"]
[SourceQuality "1"]
[WhiteTeam "Sendling"]
[BlackTeam "Dillingen"]
[WhiteTeamCountry "GER"]
[BlackTeamCountry "GER"]

1. d4 Nf6 2. c4 e6 3. Nc3 Bb4 4. Bg5 h6 5. Bh4 g5 6. Bg3 Ne4 7. Qc2 Bxc3+ 8. bxc3 Nxg3 9. hxg3 c5 10. d5 d6 11. e3 e5 12. Bd3 Nd7 13. Nf3 Qe7 14. Nd2 Nf6 15. f3 Bd7 16. Rb1 b6 17. Kf2 h5 18. Bf5 g4 19. a4 gxf3 20. gxf3 Kd8 21. g4 Kc7 22. g5 Ne8 23. a5 Ng7 24. Bxd7 Qxd7 25. Ne4 Qf5 26. Qa4 Qd7 27. axb6+ axb6 28. Qxd7+ Kxd7 29. Rxb6 Ra2+ 30. Kg1 Nf5 31. Rb7+ Kc8 32. Rxf7 Nxe3 33. Nxd6+ Kb8 34. Rh2 Ra1+ 35. Kf2 Ra2+ 36. Kxe3 Rxh2 37. g6 Rd8 38. g7 Rg2 39. Nf5 Rc8 40. Ne7 1-0

[Event "Staufer op 33rd"]
[Site "Schwaebisch Gmuend"]
[Date "2023.01.03"]
[Round "3"]
[White "Lederle, Vitus"]
[Black "Pryvalov, Ivan"]
[Result "0-1"]
[WhiteElo "2226"]
[BlackElo "2087"]
[PlyCount "70"]
[EventDate "2023.01.02"]
[EventType "swiss"]
[EventRounds "9"]
[EventCountry "GER"]
[SourceTitle "CBM 212 Extra"]
[Source "ChessBase"]
[SourceDate "2023.03.31"]
[SourceVersion "1"]
[SourceVersionDate "2023.03.31"]
[SourceQuality "1"]

1. e4 c5 2. Nf3 d6 3. d4 cxd4 4. Nxd4 Nf6 5. Nc3 Nc6 6. Bc4 e6 7. Bb3 a6 8. Be3 Bd7 9. f3 Na5 10. Qe2 Nxb3 11. axb3 Be7 12. g4 g6 13. g5 Nh5 14. Qg2 0-0 15. h4 b5 16. Nde2 Bc6 17. Ng3 b4 18. Nce2 Nxg3 19. Qxg3 h5 20. gxh6 Kh7 21. h5 Rg8 22. 0-0-0 e5 23. hxg6+ Rxg6 24. Qh3 Bg5 25. Bxg5 Qxg5+ 26. Kb1 a5 27. Rdg1 Qe7 28. Rxg6 fxg6 29. Rg1 Qf7 30. Qg2 a4 31. bxa4 Bxa4 32. Nc1 Be8 33. Nd3 b3 34. c3 Qa7 35. Kc1 Qe3+ 0-1

[Event "Staufer op 33rd"]
[Site "Schwaebisch Gmuend"]
[Date "2023.01.02"]
[Round "2"]
[White "Dgebuadze, Alexandre"]
[Black "Lederle, Vitus"]
[Result "1-0"]
[WhiteElo "2396"]
[BlackElo "2226"]
[PlyCount "101"]
[EventDate "2023.01.02"]
[EventType "swiss"]
[EventRounds "9"]
[EventCountry "GER"]
[SourceTitle "CBM 212 Extra"]
[Source "ChessBase"]
[SourceDate "2023.03.31"]
[SourceVersion "1"]
[SourceVersionDate "2023.03.31"]
[SourceQuality "1"]

1. e4 e5 2. Bc4 Nf6 3. d3 Bc5 4. Nc3 Nc6 5. h3 a6 6. Nge2 d6 7. a3 Be6 8. Nd5 h6 9. 0-0 0-0 10. Ng3 Nh7 11. Kh2 Ne7 12. f4 exf4 13. Nxe7+ Qxe7 14. Bxf4 Bd4 15. c3 Be5 16. Bxe5 dxe5 17. Qb3 Ng5 18. Bxe6 Qxe6 19. Qb4 a5 20. Qc5 Qd6 21. Qxd6 cxd6 22. Nf5 Rfd8 23. b4 Kf8 24. Ne3 Ne6 25. g3 Nc7 26. Nc4 axb4 27. cxb4 Ke7 28. a4 f6 29. Rfc1 Na6 30. Nb6 Rab8 31. Rc4 Ke6 32. g4 g6 33. a5 f5 34. gxf5+ gxf5 35. exf5+ Kxf5 36. Rh4 Rh8 37. d4 h5 38. Rf1+ Kg5 39. Re4 Rbe8 40. h4+ Kg6 41. Nd5 Rhf8 42. Rxf8 Rxf8 43. dxe5 dxe5 44. Rxe5 Rf2+ 45. Kg3 Rb2 46. b5 Nb4 47. Nf4+ Kf6 48. Rxh5 Rb3+ 49. Kg4 Nc2 50. Rh6+ Kg7 51. Rb6 1-0

[Event "Mittelfrank Regionalliga Sud-West 2223"]
[Site "Mittelfranken"]
[Date "2022.11.27"]
[Round "3.3"]
[White "Bohnhoff, Peter"]
[Black "Lederle, Vitus"]
[Result "1-0"]
[WhiteElo "2010"]
[BlackElo "2155"]
[PlyCount "91"]
[EventDate "2022.10.09"]
[EventType "team-tourn"]
[EventRounds "9"]
[EventCountry "GER"]
[SourceTitle "EXT 2024"]
[Source "ChessBase"]
[SourceDate "2023.10.10"]
[SourceVersion "1"]
[SourceVersionDate "2023.10.10"]
[SourceQuality "1"]
[WhiteTeam "Altstadt Roter Turm"]
[BlackTeam "Dillingen"]
[WhiteTeamCountry "GER"]
[BlackTeamCountry "GER"]

1. Nf3 Nf6 2. c4 c5 3. Nc3 e6 4. e3 d5 5. cxd5 Nxd5 6. Nxd5 Qxd5 7. b3 Be7 8. Bb2 0-0 9. Bc4 Qd8 10. Qc2 Nc6 11. a3 a6 12. h4 f5 13. g4 b5 14. Be2 Qd5 15. gxf5 exf5 16. Rg1 Bf6 17. Rc1 Bd7 18. Ng5 h6 19. Bf3 Qd6 20. Bxf6 Qxf6 21. Qxc5 Kh8 22. Bxc6 Rac8 23. Qd4 Qxd4 24. exd4 hxg5 25. d5 gxh4 26. Rh1 g5 27. f4 Kg7 28. fxg5 Rh8 29. Kf2 Rc7 30. Kf3 Kg6 31. Kf4 h3 32. Bxd7 Rh4+ 33. Ke5 Rxd7 34. Ke6 Rf7 35. Rc3 f4 36. Rcxh3 Rxh3 37. Rxh3 Rf8 38. Ke7 Rf5 39. d6 Re5+ 40. Kf8 Rf5+ 41. Ke7 Re5+ 42. Kd8 Kxg5 43. d7 Kg4 44. Rh1 Rc5 45. Ke7 Re5+ 46. Kd6 1-0

[Event "Bayern-chI Bank Hofmann 25th"]
[Site "Tegernsee"]
[Date "2022.11.08"]
[Round "4"]
[White "Koellner, Ruben Gideon"]
[Black "Lederle, Vitus"]
[Result "1/2-1/2"]
[WhiteElo "2412"]
[BlackElo "2222"]
[PlyCount "139"]
[EventDate "2022.11.05"]
[EventType "swiss"]
[EventRounds "9"]
[EventCountry "GER"]
[SourceTitle "CBM 211 Extra"]
[Source "ChessBase"]
[SourceDate "2023.01.31"]
[SourceVersion "1"]
[SourceVersionDate "2023.01.31"]
[SourceQuality "1"]

1. d4 Nf6 2. Nf3 e6 3. Bg5 c5 4. e3 d5 5. c3 Nbd7 6. Nbd2 cxd4 7. exd4 Bd6 8. Bd3 0-0 9. 0-0 Qc7 10. Re1 b6 11. Qe2 Bf4 12. h4 h6 13. Bxf4 Qxf4 14. g3 Qc7 15. Nh2 Bb7 16. f4 Rfe8 17. Rf1 Nh7 18. Rae1 f5 19. Ndf3 Nhf6 20. Ne5 Ne4 21. Kg2 Nxe5 22. fxe5 Qe7 23. Qh5 Rf8 24. Qe2 Rf7 25. h5 Qg5 26. Bxe4 dxe4 27. Rf4 Rc8 28. Nf1 Bd5 29. Ne3 Bc6 30. Ref1 b5 31. Qd1 Rcf8 32. R1f2 a6 33. Qb3 Qe7 34. Qd1 Qb7 35. Qf1 Qe7 36. Kh2 Qg5 37. Qd1 Qd8 38. Qb3 Qe7 39. Rd2 Rd8 40. Rdf2 Rdf8 41. Qd1 Qg5 42. Rd2 Rd8 43. b3 Be8 44. d5 Rfd7 45. c4 Bxh5 46. Qf1 Bf3 47. d6 Qh5+ 48. Rh4 Qe8 49. cxb5 axb5 50. Qxb5 Kh7 51. Rf2 g5 52. Rh3 Bg4 53. Qf1 Bxh3 54. Qxh3 Qg6 55. Rc2 Rf7 56. b4 h5 57. b5 Kg7 58. Rc7 f4 59. gxf4 gxf4 60. Ng2 Qg5 61. Qxe6 Rdf8 62. Qf6+ Qxf6 63. exf6+ Kxf6 64. Nxf4 Kf5 65. Nxh5 Ke6 66. Ng3 Rf2+ 67. Kg1 e3 68. Re7+ Kxd6 69. Rxe3 Rxa2 70. Re2 1/2-1/2

[Event "Bayern-chI Bank Hofmann 24th"]
[Site "Tegernsee"]
[Date "2021.11.04"]
[Round "6"]
[White "Lederle, Vitus"]
[Black "Zysk, Robert"]
[Result "1-0"]
[WhiteElo "2207"]
[BlackElo "2398"]
[PlyCount "97"]
[EventDate "2021.10.30"]
[EventType "swiss"]
[EventRounds "9"]
[EventCountry "GER"]
[SourceTitle "CBM 205 Extra"]
[Source "ChessBase"]
[SourceDate "2022.01.31"]
[SourceVersion "1"]
[SourceVersionDate "2022.01.31"]
[SourceQuality "1"]

1. e4 e6 2. d4 d5 3. Nc3 Nf6 4. e5 Nfd7 5. f4 c5 6. Nf3 Nc6 7. Be3 Be7 8. Qd2 0-0 9. dxc5 Nxc5 10. 0-0-0 b6 11. Kb1 Bb7 12. Qf2 f5 13. Bd3 Rc8 14. Rhg1 Nxd3 15. cxd3 Ba6 16. Nd4 Qd7 17. Nxc6 Qxc6 18. Bd4 b5 19. Qd2 b4 20. Ne2 b3 21. axb3 Qb7 22. Nc1 Rc6 23. g4 fxg4 24. Rxg4 Rfc8 25. f5 Bb4 26. Qe3 exf5 27. Rg3 Re6 28. Rdg1 Bf8 29. Qf3 Qf7 30. Ne2 Rce8 31. Nf4 Rxe5 32. Bxe5 Rxe5 33. h4 d4 34. Qa8 Re8 35. Qc6 Bb7 36. Qc4 Qxc4 37. bxc4 Kf7 38. h5 Kf6 39. Nh3 Re3 40. Ng5 Rxg3 41. Nxh7+ Kf7 42. Rxg3 f4 43. Rg1 Bb4 44. Kc2 a5 45. Ng5+ Kf6 46. Ne4+ Ke6 47. Rxg7 Bxe4 48. dxe4 f3 49. Rg1 1-0

[Event "Staufer op 32nd"]
[Site "Schwaebisch Gmuend"]
[Date "2020.01.02"]
[Round "1"]
[White "Lederle, Vitus"]
[Black "Schroeder, Jan Christian"]
[Result "0-1"]
[WhiteElo "2220"]
[BlackElo "2553"]
[PlyCount "46"]
[EventDate "2020.01.02"]
[EventType "swiss"]
[EventRounds "9"]
[EventCountry "GER"]
[SourceTitle "CBM 194 Extra"]
[Source "ChessBase"]
[SourceDate "2020.03.31"]
[SourceVersion "1"]
[SourceVersionDate "2020.03.31"]
[SourceQuality "1"]

1. Nf3 d5 2. e3 Nf6 3. c4 e6 4. Nc3 Bd6 5. b3 0-0 6. Bb2 b6 7. Qc2 c5 8. cxd5 exd5 9. Ng5 g6 10. h4 Nc6 11. a3 Bf5 12. d3 Rc8 13. Be2 Nd4 14. Qd1 Nxe2 15. Qxe2 Re8 16. 0-0-0 h6 17. Nf3 d4 18. Nb5 Bb8 19. a4 dxe3 20. fxe3 Bf4 21. Rhe1 Rxe3 22. Qxe3 Bxe3+ 23. Rxe3 Nd5 0-1

[Event "Bayern-chI Bank Hofmann 23rd"]
[Site "Tegernsee"]
[Date "2019.10.28"]
[Round "3"]
[White "Sandipan, Chanda"]
[Black "Lederle, Vitus"]
[Result "1-0"]
[WhiteElo "2529"]
[BlackElo "2223"]
[PlyCount "83"]
[EventDate "2019.10.26"]
[EventType "swiss"]
[EventRounds "9"]
[EventCountry "GER"]
[SourceTitle "CBM 192 Extra"]
[Source "Chessbase"]
[SourceDate "2019.11.06"]
[SourceVersion "1"]
[SourceVersionDate "2019.11.06"]
[SourceQuality "1"]

1. d4 d5 2. Nf3 Nf6 3. Bf4 c5 4. e3 Nc6 5. Nbd2 Bg4 6. c3 e6 7. Qb3 Qb6 8. Qxb6 axb6 9. Bb5 Nd7 10. h3 Bh5 11. g4 Bg6 12. Kf1 Be7 13. Kg2 0-0 14. h4 h5 15. g5 Rfc8 16. Rhe1 cxd4 17. exd4 Nf8 18. a3 Ra5 19. Bf1 Raa8 20. c4 Bf5 21. Rac1 Ng6 22. Bg3 Bf8 23. cxd5 exd5 24. Rc3 Na7 25. Rb3 Rc6 26. Ne5 Nxe5 27. dxe5 Bc2 28. Rf3 Rd8 29. Kh2 b5 30. Bh3 Bg6 31. e6 fxe6 32. Bxe6+ Kh7 33. Nb3 Bd6 34. Bf5 Bxg3+ 35. Kxg3 Bxf5 36. Rxf5 Rd7 37. Nd4 Rcd6 38. Ne6 Kg6 39. Rf3 Rf7 40. Nf8+ Rxf8 41. Rxf8 Nc6 42. f4 1-0

[Event "Landesliga Sued 1819"]
[Site "Bayern"]
[Date "2019.04.07"]
[Round "9.4"]
[White "Taggatz, Mario"]
[Black "Lederle, Vitus"]
[Result "0-1"]
[WhiteElo "2167"]
[BlackElo "2184"]
[PlyCount "92"]
[EventDate "2018.10.21"]
[EventType "team-tourn"]
[EventRounds "9"]
[EventCountry "GER"]
[SourceTitle "EXT 2022"]
[Source "ChessBase"]
[SourceDate "2021.10.06"]
[SourceVersion "1"]
[SourceVersionDate "2021.10.06"]
[SourceQuality "1"]
[WhiteTeam "Groebenzell"]
[BlackTeam "Dillingen"]
[WhiteTeamCountry "GER"]
[BlackTeamCountry "GER"]

1. d4 Nf6 2. Nf3 e6 3. Bf4 c5 4. c3 b6 5. e3 Bb7 6. Nbd2 Nc6 7. Bd3 Be7 8. h3 0-0 9. 0-0 d5 10. Qe2 Bd6 11. dxc5 Bxf4 12. exf4 bxc5 13. Ne5 Qc7 14. Rfe1 Ne7 15. Rac1 Nf5 16. Ndf3 Nd6 17. Bb1 Rae8 18. Qc2 Nfe4 19. Nd2 f5 20. Ndf3 Re7 21. Qe2 Rb8 22. Bd3 Qb6 23. Rb1 a5 24. Qe3 Bc8 25. Kh2 Reb7 26. c4 d4 27. Qe2 Qc7 28. Ng5 Nxg5 29. fxg5 Nf7 30. f4 Nxe5 31. fxe5 Rb4 32. Qd2 Bb7 33. Re2 Be4 34. Kg1 Qb7 35. a3 Bxd3 36. Qxd3 Rb3 37. Qd2 Rxa3 38. g6 hxg6 39. Qg5 Kf7 40. Rf1 Rb3 41. h4 Qe7 42. Qd2 R8b4 43. Qe1 a4 44. Ref2 Re3 45. Qb1 Rxe5 46. g4 Qxh4 0-1

[Event "Bayern-chI Bank Hofmann 22nd"]
[Site "Tegernsee"]
[Date "2018.11.04"]
[Round "9"]
[White "Czap, Bernhard"]
[Black "Lederle, Vitus"]
[Result "1/2-1/2"]
[WhiteElo "2055"]
[BlackElo "2190"]
[PlyCount "25"]
[EventDate "2018.10.27"]
[EventType "swiss"]
[EventRounds "9"]
[EventCountry "GER"]
[SourceTitle "CBM 187 Extra"]
[Source "ChessBase"]
[SourceDate "2018.11.04"]
[SourceVersion "1"]
[SourceVersionDate "2018.11.04"]
[SourceQuality "1"]

1. c4 b6 2. e4 Bb7 3. Nc3 e6 4. Nge2 Nf6 5. d3 Bc5 6. g3 e5 7. Bg2 Nc6 8. a3 a5 9. Rb1 0-0 10. 0-0 h6 11. Nd5 Nxd5 12. exd5 Nd4 13. b4 1/2-1/2

[Event "Bayern-chI Bank Hofmann 22nd"]
[Site "Tegernsee"]
[Date "2018.10.31"]
[Round "5"]
[White "Grohde, Wolfgang"]
[Black "Lederle, Vitus"]
[Result "1/2-1/2"]
[WhiteElo "2060"]
[BlackElo "2190"]
[PlyCount "146"]
[EventDate "2018.10.27"]
[EventType "swiss"]
[EventRounds "9"]
[EventCountry "GER"]
[SourceTitle "CBM 187 Extra"]
[Source "ChessBase"]
[SourceDate "2018.11.04"]
[SourceVersion "1"]
[SourceVersionDate "2018.11.04"]
[SourceQuality "1"]

1. d4 e6 2. Nf3 Nf6 3. Bg5 d5 4. e3 Be7 5. Bd3 b6 6. c3 0-0 7. Ne5 Bb7 8. 0-0 Nbd7 9. Nd2 Ne4 10. Bxe7 Qxe7 11. Nxd7 Qxd7 12. Qc2 Nxd2 13. Qxd2 Rfe8 14. f4 g6 15. Qf2 a5 16. Qe2 c5 17. Rac1 Rec8 18. Rfd1 Rc7 19. Bb1 Qe7 20. e4 dxe4 21. Bxe4 Ba6 22. Qe3 Rd8 23. dxc5 Rxc5 24. Bf3 Rdc8 25. Rd4 Bb5 26. Rcd1 Be8 27. Rd6 b5 28. Qd4 Rc4 29. Qb6 a4 30. Rd8 a3 31. bxa3 Rxc3 32. Qd6 Qxd6 33. R1xd6 Rxd8 34. Rxd8 Kf8 35. Rb8 Ke7 36. Ra8 Rc1+ 37. Kf2 Rc2+ 38. Ke3 Bd7 39. Kd3 Rxa2 40. Kc3 Ra1 41. Kb2 Rh1 42. h3 e5 43. fxe5 Be6 44. Ra7+ Kd8 45. a4 bxa4 46. Rxa4 Rf1 47. Be4 Bf5 48. Bd5 Be6 49. Be4 Kc7 50. Kc3 Rd1 51. Rb4 Ra1 52. Kd4 Ra3 53. Rb7+ Kc8 54. Rb5 Kd8 55. Rc5 Ke7 56. Rc7+ Kf8 57. Rc3 Ra5 58. Rc5 Ra4+ 59. Ke3 Kg7 60. h4 Ra1 61. g3 Re1+ 62. Kf4 h6 63. Bg2 Rg1 64. Kf3 Rd1 65. Ke3 Bf5 66. Bf3 Rd7 67. Kf2 g5 68. hxg5 hxg5 69. Bd5 Ra7 70. Rb5 Bd3 71. Rb7 Rxb7 72. Bxb7 Kg6 73. Ke3 Bc4 1/2-1/2

[Event "Landesliga Sued 1718"]
[Site "Bayern"]
[Date "2018.02.25"]
[Round "7.5"]
[White "Lederle, Vitus"]
[Black "Safyanovsky, Mark"]
[Result "1/2-1/2"]
[WhiteElo "2111"]
[BlackElo "2154"]
[PlyCount "36"]
[EventDate "2017.10.22"]
[EventType "team-tourn"]
[EventRounds "9"]
[EventCountry "GER"]
[SourceTitle "EXT 2022"]
[Source "ChessBase"]
[SourceDate "2021.10.06"]
[SourceVersion "1"]
[SourceVersionDate "2021.10.06"]
[SourceQuality "1"]
[WhiteTeam "Dillingen"]
[BlackTeam "Haunstetten TSV"]
[WhiteTeamCountry "GER"]
[BlackTeamCountry "GER"]

1. e4 d6 2. d4 g6 3. Nf3 Nf6 4. Nc3 Bg7 5. Be2 0-0 6. 0-0 Bg4 7. Be3 Nc6 8. Qd2 e5 9. d5 Ne7 10. Rad1 Nd7 11. Ne1 Bxe2 12. Qxe2 f5 13. f4 exf4 14. Bxf4 Bxc3 15. bxc3 fxe4 16. Qxe4 Nc5 17. Qf3 Qd7 18. Nd3 Na4 1/2-1/2

[Event "Landesliga Sued 1718"]
[Site "Bayern"]
[Date "2017.11.12"]
[Round "2.4"]
[White "Lederle, Vitus"]
[Black "Taggatz, Mario"]
[Result "0-1"]
[WhiteElo "2111"]
[BlackElo "2201"]
[PlyCount "64"]
[EventDate "2017.10.22"]
[EventType "team-tourn"]
[EventRounds "9"]
[EventCountry "GER"]
[SourceTitle "EXT 2022"]
[Source "ChessBase"]
[SourceDate "2021.10.06"]
[SourceVersion "1"]
[SourceVersionDate "2021.10.06"]
[SourceQuality "1"]
[WhiteTeam "Dillingen"]
[BlackTeam "Groebenzell"]
[WhiteTeamCountry "GER"]
[BlackTeamCountry "GER"]

1. e4 c5 2. Nf3 Nc6 3. Bb5 Nf6 4. e5 Nd5 5. 0-0 Nc7 6. a4 g6 7. d3 Bg7 8. Bxc6 dxc6 9. h3 0-0 10. Re1 Ne6 11. Nc3 Nd4 12. Bf4 Be6 13. Ng5 Bd5 14. Nge4 Ne6 15. Bg3 Qd7 16. a5 Rad8 17. b3 Bxe4 18. Nxe4 f5 19. exf6 exf6 20. Ra4 f5 21. Nd2 Nd4 22. Be5 Bxe5 23. Rxe5 Rfe8 24. Nc4 Rxe5 25. Nxe5 Qd5 26. f4 Re8 27. b4 cxb4 28. Rxb4 Qc5 29. Rc4 Ne2+ 30. Kh2 Qf2 31. Nf3 Re3 32. Nd2 Rxh3+ 0-1

[Event "Bayern-chI Bank Hofmann 21st"]
[Site "Tegernsee"]
[Date "2017.11.01"]
[Round "5"]
[White "Fier, Alexandr"]
[Black "Lederle, Vitus"]
[Result "1-0"]
[WhiteElo "2573"]
[BlackElo "2170"]
[PlyCount "47"]
[EventDate "2017.10.28"]
[EventType "swiss"]
[EventRounds "9"]
[EventCountry "GER"]
[SourceTitle "CBM 181 Extra"]
[Source "ChessBase"]
[SourceDate "2017.12.12"]
[SourceVersion "1"]
[SourceVersionDate "2017.12.12"]
[SourceQuality "1"]

1. e4 c5 2. Nf3 e6 3. d4 cxd4 4. Nxd4 a6 5. c4 Nf6 6. Nc3 Bb4 7. Qd3 d5 8. exd5 exd5 9. Be2 0-0 10. 0-0 dxc4 11. Qxc4 Be7 12. Rd1 Qa5 13. Bf4 Qc5 14. Qb3 Nc6 15. Nxc6 bxc6 16. Be3 Qf5 17. Bf3 Bd7 18. Qc4 Rfb8 19. Rd2 Rb4 20. Qe2 Rab8 21. Rad1 h5 22. h3 c5 23. Nd5 Nxd5 24. Rxd5 1-0

[Event "Landesliga Sued 1718"]
[Site "Bayern"]
[Date "2017.10.22"]
[Round "1.4"]
[White "Knechtel, Roland"]
[Black "Lederle, Vitus"]
[Result "1-0"]
[WhiteElo "2168"]
[BlackElo "2111"]
[PlyCount "83"]
[EventDate "2017.10.22"]
[EventType "team-tourn"]
[EventRounds "9"]
[EventCountry "GER"]
[SourceTitle "EXT 2022"]
[Source "ChessBase"]
[SourceDate "2021.10.06"]
[SourceVersion "1"]
[SourceVersionDate "2021.10.06"]
[SourceQuality "1"]
[WhiteTeam "Roehrnbach"]
[BlackTeam "Dillingen"]
[WhiteTeamCountry "GER"]
[BlackTeamCountry "GER"]

1. d4 Nf6 2. c4 e6 3. Nc3 c5 4. d5 exd5 5. cxd5 d6 6. e4 g6 7. Bg5 Bg7 8. h3 Nbd7 9. Nf3 a6 10. a4 Qa5 11. Bd3 0-0 12. 0-0 Re8 13. Nd2 Ne5 14. Bc2 h6 15. Be3 g5 16. Ra3 c4 17. Qe2 Qc7 18. a5 Bd7 19. Bb6 Qc8 20. f4 gxf4 21. Rxf4 Bb5 22. Qf2 Nfd7 23. Bd4 Re7 24. Nf1 Nf8 25. Ng3 Nfg6 26. Nf5 Rd7 27. Ne2 Qf8 28. Rg3 Kh7 29. h4 Bf6 30. Ne3 Nxf4 31. Qxf4 Bg7 32. h5 f6 33. Qf5+ Kh8 34. Nf4 Qf7 35. Ne6 Rg8 36. Nf4 Re8 37. Qh3 Rde7 38. Bxe5 Rxe5 39. Ng6+ Kg8 40. Nxe5 Rxe5 41. Nf5 Bd7 42. Nxh6+ 1-0

[Event "Landesliga Sued 1617"]
[Site "Bayern"]
[Date "2016.12.04"]
[Round "3.5"]
[White "Walter, Tobias"]
[Black "Lederle, Vitus"]
[Result "0-1"]
[WhiteElo "2028"]
[BlackElo "2116"]
[PlyCount "44"]
[EventDate "2016.10.16"]
[EventType "team-tourn"]
[EventRounds "9"]
[EventCountry "GER"]
[SourceTitle "EXT 2019"]
[Source "ChessBase"]
[SourceDate "2018.10.10"]
[SourceVersion "1"]
[SourceVersionDate "2018.10.10"]
[SourceQuality "1"]
[WhiteTeam "Groebenzell"]
[BlackTeam "Dillingen"]
[WhiteTeamCountry "GER"]
[BlackTeamCountry "GER"]

1. d4 Nf6 2. Bf4 Nh5 3. Bg5 h6 4. Bh4 g5 5. e3 Nf6 6. Bg3 Bg7 7. Bd3 d6 8. h3 Nc6 9. c3 e5 10. Nd2 Qe7 11. Qc2 exd4 12. cxd4 Nxd4 13. Qa4+ Nc6 14. Ne2 0-0 15. 0-0 Nd7 16. Qa3 Nc5 17. Bc2 a5 18. Rae1 b5 19. Nd4 Bd7 20. Nxb5 Nb4 21. Nd4 Nxc2 22. Nxc2 Bb5 0-1

[Event "Landesliga Sued 1617"]
[Site "Bayern"]
[Date "2016.11.20"]
[Round "2.4"]
[White "Wagner, Hans2222"]
[Black "Lederle, Vitus"]
[Result "0-1"]
[WhiteElo "2103"]
[BlackElo "2116"]
[PlyCount "42"]
[EventDate "2016.10.16"]
[EventType "team-tourn"]
[EventRounds "9"]
[EventCountry "GER"]
[SourceTitle "EXT 2019"]
[Source "ChessBase"]
[SourceDate "2018.10.10"]
[SourceVersion "1"]
[SourceVersionDate "2018.10.10"]
[SourceQuality "1"]
[WhiteTeam "Rottal"]
[BlackTeam "Dillingen"]
[WhiteTeamCountry "GER"]
[BlackTeamCountry "GER"]

1. d4 Nf6 2. c4 e6 3. Nc3 Bb4 4. e3 c5 5. Bd3 Nc6 6. Nge2 Bxc3+ 7. bxc3 d6 8. f4 e5 9. d5 e4 10. dxc6 exd3 11. Qxd3 0-0 12. 0-0 Qe7 13. Ng3 bxc6 14. e4 h5 15. Re1 h4 16. Nh1 Bf5 17. Nf2 Rfe8 18. Bd2 Nxe4 19. Re3 Nxd2 20. Rxe7 Bxd3 21. Rxe8+ Rxe8 0-1

[Event "Bayern-chI Bank Hofmann 20th"]
[Site "Bad Wiessee"]
[Date "2016.11.02"]
[Round "5"]
[White "Schneider, Jana"]
[Black "Lederle, Vitus"]
[Result "1/2-1/2"]
[WhiteElo "2046"]
[BlackElo "2193"]
[PlyCount "55"]
[EventDate "2016.10.29"]
[EventType "swiss"]
[EventRounds "9"]
[EventCountry "GER"]
[SourceTitle "CBM 175 Extra"]
[Source "ChessBase"]
[SourceDate "2016.12.12"]
[SourceVersion "1"]
[SourceVersionDate "2016.12.12"]
[SourceQuality "1"]

1. e4 c5 2. Nf3 e6 3. g3 Nc6 4. Bg2 Nf6 5. Qe2 d5 6. exd5 Nxd5 7. 0-0 Be7 8. Rd1 Bf6 9. Nc3 0-0 10. Ne4 Be7 11. d3 b6 12. a4 Bb7 13. c3 h6 14. Ned2 Qc7 15. Nc4 Bf6 16. Bd2 Rad8 17. Re1 Rd7 18. Rad1 Rfd8 19. h4 a6 20. Na3 Na5 21. Nc4 Nb3 22. Nce5 Nxd2 23. Rxd2 Bxe5 24. Nxe5 Rd6 25. Nc4 R6d7 26. Ne5 Rd6 27. Nc4 R6d7 28. Ne5 1/2-1/2

[Event "Bayern-ch"]
[Site "Rosenheim"]
[Date "2015.08.25"]
[Round "5"]
[White "Kretschel, Klaus"]
[Black "Lederle, Vitus"]
[Result "0-1"]
[WhiteElo "2029"]
[BlackElo "2215"]
[PlyCount "62"]
[EventDate "2015.08.22"]
[EventType "swiss"]
[EventRounds "9"]
[EventCountry "GER"]
[SourceTitle "EXT 2019"]
[Source "ChessBase"]
[SourceDate "2018.10.10"]
[SourceVersion "1"]
[SourceVersionDate "2018.10.10"]
[SourceQuality "1"]

1. Nf3 Nf6 2. c4 c5 3. e3 b6 4. Nc3 Bb7 5. Be2 e6 6. 0-0 Be7 7. b3 0-0 8. Bb2 d6 9. d4 a6 10. Qc2 Nbd7 11. Rac1 Qc7 12. Rfd1 Rac8 13. dxc5 Nxc5 14. Nd2 Rfd8 15. Bf3 h6 16. Bxb7 Qxb7 17. Qb1 Rc7 18. a4 e5 19. e4 Rdc8 20. Nd5 Nxd5 21. cxd5 Bg5 22. Ba3 Bxd2 23. Rxd2 Nxe4 24. Rxc7 Qxc7 25. Rd3 b5 26. g3 Qb6 27. Qe1 Rc2 28. Re3 Nxf2 29. a5 Qd4 30. Bxd6 Qxd5 31. Re2 Nh3+ 0-1